El arpa y la sombra

Historia sobre Cristóbal Colón y su postulación para ser santo por parte del Padre Pío IX y León XVIII. El libro está dividido en tres secciones: El arpa (historia sobre los viajes a América), la mano (parte humana en la que se presentan los errores cometidos) y la sombra (el estigma de sus acciones...

সম্পূর্ণ বিবরণ

সংরক্ষণ করুন:
গ্রন্থ-পঞ্জীর বিবরন
প্রধান লেখক: Carpentier, Alejo
বিন্যাস: গ্রন্থ
ভাষা:Undetermined
প্রকাশিত: México, Distrito Federal Siglo XXI 1980
সংস্করন:8
বিষয়গুলি:
ট্যাগগুলো: ট্যাগ যুক্ত করুন
কোনো ট্যাগ নেই, প্রথমজন হিসাবে ট্যাগ করুন!

MARC

LEADER 00000nam a2200000Ia 4500
008 170316s9999 xx 000 0 und d
040 |a cru BVZT 
090 |a 860 C-17a 
100 |a Carpentier, Alejo  |9 1357 
245 |a El arpa y la sombra 
250 |a 8 
260 |a México, Distrito Federal 
260 |b Siglo XXI 
260 |c 1980 
300 |a 204 páginas 
520 |a Historia sobre Cristóbal Colón y su postulación para ser santo por parte del Padre Pío IX y León XVIII. El libro está dividido en tres secciones: El arpa (historia sobre los viajes a América), la mano (parte humana en la que se presentan los errores cometidos) y la sombra (el estigma de sus acciones). 
650 |a LITERATURA LATINOAMERICANA  |9 15 
999 |c 8485  |d 8485 
942 |c 15 D  |h 860 C-17a  |2 z